000 01232cam a2200229 4500
001 WB3806-34
008 020212n2002 000 0 eng u
035 _a(Sirsi) u116700
245 _aNew deal for wildlife
260 _c2002
490 _aDEFRA News Release
_v(58/02) 11 February 2002, (2)
520 _aThe addition of arable options to the Countryside Stewardship Scheme will allow arable farmers to apply for environmental grants to promote farmland wildlife. The closing date for applications for the Countryside Stewardship Scheme is 31 May. Copies of the 2002 handbook and a leaflet on the new options are available at: http://www.defra.gov.uk/erdp/schemes/landbased/css/cssindex.htm. An economic evaluation of the Arable Stewardship pilot Scheme is available at: http://www.defra.gov.uk/esg/economics/econeval/asps/index.htm. http://www.nds.coi.gov.uk/coi/coipress.nsf/567e3dc25f61661580256ae8003b4907/fe3adf283490566b80256b5d005a1b7f?OpenDocument
590 _aWB
650 _aWILDLIFE
650 _aARABLE FARMERS
650 _aAGRI-ENVIRONMENT SCHEMES
650 _aCOUNTRYSIDE
650 _aNATURE CONSERVATION
650 _aCOUNTRYSIDE STEWARDSHIP SCHEME
690 _aRural
_96268
942 _n0
999 _c69506
_d69506